[Event "Pan American-ch U20"]
[Site "Cali"]
[Date "2005.10.21"]
[Round "9"]
[White "Panesso Rivera, Henry"]
[Black "Martinez, Camilo Andres"]
[Result "1-0"]
[WhiteElo "2088"]
[BlackElo "1800"]
[PlyCount "72"]
[EventDate "2005.10.16"]
[EventType "swiss"]
[EventRounds "9"]
[EventCountry "COL"]
[SourceTitle "EXT 2022"]
[Source "ChessBase"]
[SourceDate "2021.10.06"]
[SourceVersion "1"]
[SourceVersionDate "2021.10.06"]
[SourceQuality "1"]

1. e4 e6 2. d3 d5 3. Nd2 Nf6 4. Ngf3 c5 5. g3 Nc6 6. Bg2 Be7 7. 0-0 0-0 8. Re1 d4 9. Nf1 e5 10. Nh4 Bg4 11. Bf3 Qd7 12. Bxg4 Qxg4 13. f3 Qd7 14. Nf5 Rfc8 15. f4 Bf8 16. fxe5 Nxe5 17. Bf4 Qe6 18. Nd2 Nfd7 19. Nf3 Nxf3+ 20. Qxf3 Ne5 21. Bxe5 Qxe5 22. b3 a5 23. a4 b5 24. Rf1 Rc7 25. Rae1 g6 26. Nh4 Ra6 27. Qg4 h5 28. Nf3 hxg4 29. Nxe5 Re6 30. Nxg4 Be7 31. Kg2 Bg5 32. h4 Be7 33. Nh2 Bd6 34. Nf3 Rce7 35. Kh3 Be5 36. Nh2 Bc7 1-0

[Event "Pan American-ch U20"]
[Site "Cali"]
[Date "2005.10.17"]
[Round "3"]
[White "Escobar, Guido Jose"]
[Black "Martinez, Camilo Andres"]
[Result "0-1"]
[WhiteElo "1800"]
[BlackElo "1800"]
[PlyCount "90"]
[EventDate "2005.10.16"]
[EventType "swiss"]
[EventRounds "9"]
[EventCountry "COL"]
[SourceTitle "EXT 2007"]
[Source "ChessBase"]
[SourceDate "2006.11.23"]
[SourceVersion "1"]
[SourceVersionDate "2006.11.23"]
[SourceQuality "1"]

1. e4 e6 2. d4 d5 3. Nc3 Nf6 4. e5 Nfd7 5. Bd3 a6 6. a3 c5 7. Nf3 cxd4 8. Ne2 Nc6 9. Bf4 Qa5+ 10. b4 Qc7 11. 0-0 Ndxe5 12. Nxe5 Nxe5 13. Nxd4 Bd6 14. Bg3 Nxd3 15. Qxd3 0-0 16. Nf3 h6 17. Rad1 Bxg3 18. fxg3 Bd7 19. Rfe1 Rac8 20. Ne5 Bb5 21. Qe3 Qc3 22. Qf4 Qxa3 23. Ra1 Qc3 24. Rad1 Rc7 25. h3 Rfc8 26. Kh2 d4 27. Re4 f6 28. Rexd4 fxe5 29. Rd8+ Kh7 30. Qe4+ g6 31. h4 Rxd8 32. Rxd8 Bc6 33. Qe2 Rf7 34. g4 Qxb4 35. Qe3 Qf4+ 36. Qxf4 Rxf4 37. Kg3 Rd4 38. Rf8 Rd2 39. Rf6 Bd5 40. c4 Kg7 41. g5 hxg5 42. hxg5 Bxc4 43. Rf3 Bd5 44. Rc3 Bc6 45. Re3 Rxg2+ 0-1